Z medzinárodného lyžiarského života (zasadanie FIS, Seefeld (5.-7.2. a 15.2., Oslo, 14.-16.5.)

Bibliographic Details
Format: Article
Language:Slovak
Subjects:

MARC

LEADER 00000nab a2200000 a 4500
001 vtls009294160
003 SK-MaSNL
005 20260304173350.0
008 080514 1976 xo 000 0 slo
015 |a SNBRB1976 
040 |a SNKBUCL  |b slo  |c SNKBUCL  |e AACR2 
041 0 |a slo 
044 |a xo  |c SK 
080 |a 796.92  |2 2001 
080 |a 061.25  |2 2001 
080 |a 061.3  |2 2001 
245 0 0 |a Z medzinárodného lyžiarského života  |b (zasadanie FIS, Seefeld (5.-7.2. a 15.2., Oslo, 14.-16.5.) 
650 0 7 |a lyžovanie  |2 snkbucl  |9 3256 
773 0 |t Lyžařství  |g Roč. 62, č. 8 (1976), s. 4 
999 |c 3002921  |d 3004851